Kraje graniczące z Polską - Statystyki

Ogólne statystyki
  • Ten quiz został rozwiązany 626 razy
  • Średni wynik to 5 z 7
Odpowiedzi na mapie
Odpowiedzi zakodowano w zielono-czerwonej skali na mapie do tego quizu, zgodnie z poniższymi procentami.
 
Statystyki odpowiedzi
Odpowiedź % Poprawnych
Ukraina
83%
Niemcy
81%
Białoruś
78%
Rosja
77%
Litwa
76%
Słowacja
75%
Czechy
73%
Nie znaleziono quizów pasujących do podanych kryteriów
Rozkład punktacji
Procent ludzi z każdym wynikiem
Percentyl według liczby udzielonych odpowiedzi
Twoja historia wyników
Nie rozwiązałeś tego quizu